Single Border Countries Quiz Stats

 Plays Quiz Updated Jul 2, 2018

Challenge
Share
Tweet
Embed
Score 0/17 Timer 04:00
6 Plays Today
% Correct
Canada
94.3%
Ireland
92.4%
Vatican City
90.4%
Portugal
89.3%
South Korea
88.9%
Haiti
88.7%
Dominican Republic
87.4%
United Kingdom
84.7%
San Marino
81%
% Correct
Monaco
80.9%
Denmark
78.8%
Lesotho
78.5%
Papua New Guinea
72.9%
Qatar
65.6%
Brunei
64.1%
Timor-Leste
63.3%
The Gambia
51.7%

You're not logged in!

Compare scores with friends on all Sporcle quizzes.
Join for Free
OR
Log In

You Might Also Like...

Show Comments

Extras

Top Quizzes Today


Score Distribution

Your Account Isn't Verified!

In order to create a playlist on Sporcle, you need to verify the email address you used during registration. Go to your Sporcle Settings to finish the process.

Report this User

Report this user for behavior that violates our Community Guidelines.

Details: